Tilastot visalle Afrikan maat kartalla

Klikkaa tästä pelataksesi tätä visaa!

Yleistilastot

  • Tätä visaa on pelattu 2 163 kertaa
  • Keskiarvotulos 33 / 54

Vastaukset kartalla

Vastauksille on annettu kartalla punavihreä väri sen mukaan, kuinka moni on saanut sen oikein.
Ladataan ...
 

Vastaustilastot

Vastaus% Oikein
Egypti
90%
Marokko
87%
Algeria
85%
Etelä-Afrikka
83%
Madagaskar
81%
Somalia
80%
Libya
79%
Tunisia
77%
Sudan
75%
Kongon demokraattinen
tasavalta
71%
Etiopia
71%
Etelä-Sudan
70%
Keski-Afrikan
tasavalta
69%
Tsad
67%
Eritrea
67%
Kenia
66%
Djibouti
65%
Swazimaa
65%
Angola
63%
Niger
63%
Kap Verde
62%
Tansania
62%
Norsunluurannikko
62%
Mosambik
61%
Lesotho
61%
Namibia
60%
Ruanda
58%
Uganda
58%
São Tomé ja
Príncipe
56%
Mauritania
56%
Mali
56%
Nigeria
56%
Botswana
55%
Kongon tasavalta
55%
Päiväntasaajan
Guinea
55%
Seychellit
54%
Zimbabwe
54%
Togo
54%
Malawi
54%
Burundi
53%
Mauritius
52%
Kamerun
51%
Senegal
51%
Komorit
50%
Sambia
49%
Benin
49%
Burkina Faso
49%
Gambia
48%
Ghana
47%
Liberia
45%
Sierra Leone
44%
Gabon
44%
Guinea-Bissau
43%
Guinea
42%

Tulosjakauma

Persentiili vastausten määrän mukaan

Jokaisen tuloksen saaneiden osuus

Tuloshistoriasi

Et ole pelannut tätä visaa